|
|
|
|
| LEADER |
00000nam2a2200000 4500 |
| 001 |
25845 |
| 005 |
20231101205711.0 |
| 010 |
|
|
|a 5811401906
|
| 035 |
|
|
|a (RuTPU)RU\TPU\book\26082
|
| 035 |
|
|
|a BOOK00026157
|
| 090 |
|
|
|a 25845
|
| 100 |
|
|
|a 20011209d2001 m y0rusy50 ca
|
| 101 |
0 |
|
|a rus
|
| 102 |
|
|
|a RU
|
| 105 |
|
|
|a y j 001zd
|
| 200 |
0 |
|
|a Т. 1
|
| 210 |
|
|
|d 2001
|
| 215 |
|
|
|a 448 с.
|
| 461 |
|
1 |
|0 (RuTPU)RU\TPU\book\38468
|t Основы математического анализа
|o Учебное пособие
|f Г. М. Фихтенгольц
|v Т. 1
|d 2001
|
| 600 |
|
1 |
|a Ньютон
|g Исаак
|b И.
|f 1642 - 1726
|c английский математик
|c механик
|c астроном
|c физик
|2 stltpui
|3 (RuTPU)RU\TPU\pers\346
|
| 600 |
|
1 |
|a Лейбниц
|g Готфрид Вильгельм
|f 1646-1716
|b Г. В.
|c немецкий философ, математик, физик, языковед
|2 stltpui
|3 (RuTPU)RU\TPU\pers\422
|
| 606 |
1 |
|
|a Математический анализ
|2 stltpush
|3 (RuTPU)RU\TPU\subj\41236
|9 61042
|
| 610 |
1 |
|
|a математика
|
| 610 |
1 |
|
|a функции одной переменной
|
| 610 |
1 |
|
|a пределы
|
| 610 |
1 |
|
|a дифференцирование
|
| 610 |
1 |
|
|a дифференциальные исчисления
|
| 610 |
1 |
|
|a функции нескольких переменных
|
| 610 |
1 |
|
|a неопределенные интегралы
|
| 610 |
1 |
|
|a определенные интегралы
|
| 610 |
1 |
|
|a интегральное исчисления
|
| 610 |
1 |
|
|a история
|
| 610 |
1 |
|
|a учебные пособия
|
| 675 |
|
|
|a 517(075.8)
|v 3
|
| 801 |
|
0 |
|a RU
|b 63413507
|c 20011209
|g PSBO
|
| 801 |
|
2 |
|a RU
|b 63413507
|c 20191224
|g PSBO
|
| 900 |
|
|
|a Математический анализ
|
| 942 |
|
|
|c BK
|